| 000 | 00870nam a2200253Ia 4500 | ||
|---|---|---|---|
| 003 | GCL | ||
| 005 | 20240530101817.0 | ||
| 008 | 140319s9999 xx 000 0 ara d | ||
| 040 |
_aGCL / _cGCL |
||
| 082 | 0 | 4 |
_a351 _bع د |
| 100 | 1 | _aعبدالمنعم محفوظ | |
| 245 | 1 | 0 |
_aدراسات فى مبادئ الادارة العامة / _cعبدالمنعم محفوظ |
| 260 |
_aالقاهرة : _bلجنة الاعلام والدراسات المستقبلية ، _c1990 |
||
| 300 |
_a235 ص ؛ _c24 سم |
||
| 650 | 0 | 4 | _aالادارة |
| 650 | 0 | 4 | _aالتنظيم |
| 650 | 0 | 4 | _aالقانون الادارى |
| 650 | 0 | 4 | _aالادارة العامة |
| 650 | 0 | 4 | _aالرقابة الادارية |
| 650 | 0 | 4 | _aالرقابة القضائية |
| 650 | 0 | 4 | _aالتدريب الادارى |
| 650 | 0 | 4 | _aالرقابة الشعبية |
| 942 |
_2ddc _cBK |
||
| 999 |
_c27866 _d27866 |
||